Statystyki dla Wszystkie terytoria zamorskie

Kliknij tutaj aby rozwiązać quiz!

Ogólne statystyki

  • Ten quiz został rozwiązany 116 razy
  • Średni wynik to 18 z 63

Statystyki odpowiedzi

Państwo do, którego należy terytorium zamorskieTerytorium zamorskie% Poprawnych
DaniaGrenlandia
78%
DaniaWyspy Owcze
74%
FrancjaGujana Francuska
58%
AustraliaWyspy Kokosowe
58%
FrancjaPolinezja Francuska
54%
Stany ZjednoczonePortoryko
51%
Wielka BrytaniaBrytyjskie Wyspy Dziewicze
49%
Wielka BrytaniaGibraltar
49%
Nowa ZelandiaNiue
48%
HolandiaAruba
46%
Wielka BrytaniaBermudy
46%
FrancjaMartynika
46%
FrancjaNowa Kaledonia
46%
HolandiaCuraçao
45%
FrancjaReunion
45%
Stany ZjednoczoneSamoa Amerykańskie
41%
AustraliaWyspa Bożego Narodzenia
41%
Wielka BrytaniaFalklandy
39%
FrancjaGwadelupa
38%
Stany ZjednoczoneWyspy Dziewicze Stanów Zjednoczonych
38%
Wielka BrytaniaAnguilla
36%
Stany ZjednoczoneGuam
36%
Wielka BrytaniaWyspa Man
36%
Wielka BrytaniaKajmany
35%
Wielka BrytaniaJersey
33%
NorwegiaSvalbard
33%
AustraliaNorfolk
32%
Nowa ZelandiaWyspy Cooka
30%
Nowa ZelandiaTokelau
29%
FrancjaMajotta
28%
Wielka BrytaniaPitcairn
28%
HolandiaBonaire
26%
Stany ZjednoczoneMariany Północne
26%
HolandiaSint Maarten
25%
FrancjaSint Maarten
25%
Wielka BrytaniaTurks i Caicos
23%
Wielka BrytaniaGuernsey
22%
Wielka BrytaniaMontserrat
22%
FrancjaSaint-Pierre i Miquelon
20%
FrancjaWallis i Futuna
20%
FrancjaSaint-Barthélemy
16%
Wielka BrytaniaBrytyjskie Terytorium Oceanu Indyjskiego
14%
NorwegiaJan Mayen
14%
Wielka BrytaniaGeorgia Południowa i Sandwich Południowy
13%
Stany ZjednoczoneJarvis
13%
HolandiaSaba
13%
Stany ZjednoczoneWake
13%
Stany ZjednoczoneMidway
12%
Stany ZjednoczonePalmyra
10%
HolandiaSint Eustatius
10%
Stany ZjednoczoneBaker
9%
Stany ZjednoczoneJohnston
9%
NorwegiaWyspa Bouveta
9%
AustraliaWyspy Morza Koralowego
9%
FrancjaWyspa Clippertona
7%
AustraliaWyspy Heard i McDonalda
7%
AustraliaWyspy Ashmore i Cartiera
6%
Wielka BrytaniaAkrotiri
4%
Wielka BrytaniaDhekelia
4%
Stany ZjednoczoneHowland
4%
Stany ZjednoczoneKingman
4%
Stany ZjednoczoneNavassa
3%
Wielka BrytaniaWyspa Świętej Heleny, Wyspa Wniebowstąpienia i Tristan da Cunha
1%

Rozkład punktacji

Percentyl według liczby udzielonych odpowiedzi

Procent ludzi z każdym wynikiem

Twoja historia wyników

Nie rozwiązałeś tego quizu